| 000 | 00795nam a2200265 i 4500 | ||
|---|---|---|---|
| 001 | bg | ||
| 100 | 1 | _aTAYLOR, Dave | |
| 245 | 1 | 0 |
_aHTML - tworzenie stron WWW / _cDave Taylor ; [oprac. wersji polskiej Andrzej Miron]. |
| 246 |
_iTyt. oryg.: _aCreating cool web pages with HTML |
||
| 260 |
_aWarszawa : _b"Read Me", _c1996. |
||
| 300 |
_aXXII, 264 s. : _bil. ; _c24 cm + _edyskietka. |
||
| 500 | _aOryg. : "Creating cool web pages with HTML" 1995. | ||
| 630 | 0 | 9 | _aStrony WWW |
| 630 | 0 | 9 | _aHTML |
| 630 | 0 | 9 | _aINTERNET |
| 655 | _aPodręczniki | ||
| 700 | 1 |
_aMIRON, Andrzej. _eOprac. |
|
| 020 | _a8371470223 | ||
| 040 | _cBPK | ||
| 041 | 1 |
_apl _hen |
|
| 080 | _a519.682:681.322.06:681.324](07) | ||
| 920 | _a83-7147-022-3 | ||
| 942 | _cKS | ||
| 008 | s pl f |000 0 pol | ||
| 999 |
_c32401 _d32401 |
||
| 856 |
_uhttp://koha.tu.koszalin.pl/cgi-bin/koha/opac-detail.pl?biblionumber=32401 _yKatalog online BPK |
||